000
00301nam a22001217a 4500
008
160430b xxu||||| |||| 00| 0 eng d
020
_a
042799307854
020
_a
0785307850
041
_a
eng
080
_a
612.39
245
_a
Foodsfor better health:
_c
Densie Webb; Susan Male Smith;
942
_2
udc
_c
BK
999
_c
1706
_d
1706